MDQL
is popping MORE tags! Check the
thread
!
Quizzes
Events
Quiz Creation
Community
Videos
Private Events
Remove Ads
Sign In
Join for FREE
Feedback
Dark Mode
Quiz Categories
Sports
Geography
Music
Movies
Television
Just For Fun
Miscellaneous
History
Literature
Language
Science
Gaming
Entertainment
Religion
Holiday
For Kids
Quiz Lab
Recent
Popular Today
Quiz Kudos Today
Editor Picks
Curator Picks
Quizzes by...
Day
Popularity
Type
Ratings
Length
Year
Community
Subscriptions
Recent Discussions
Orange Saloon
Badges
Playlists
Quests
Create
Leaderboards
Showdown
Live 5
Trivia Bingo
Activity
Puzzle Library
Sporcle Events
Private Events
Virtual Trivia
Globe League
Become a Host
Pub Owners
SporcleCon
Opinionation
Our Games
Videos
Blog
Mobile Apps
Partnerships
Remove Ads and Go Orange
Feedback
Music
Pop Music
The Beatles
Song
Album
Lyrics
Bands
Singers
Artist
Clip
Rock
Rap
Classical
Billboard
Country Music
Kpop
Taylor Swift
Music
Pop Music
The Beatles
Song
Album
Lyrics
Bands
Singers
Artist
Clip
Rock
Rap
Classical
Billboard
Country Music
Kpop
Taylor Swift
Random Quiz
Search Sporcle
×
Quiz Lab
Quiz Lab
Music
complete
Type in answers that appear in a list
Type in answers that appear in a list
Classic
Best Score? Go Orange.
Complete A Day To Remember discography Stats
Can you name the complete A Day To Remember discography?
By
biggiefbm
10m
57 Questions
274 Plays
274 Plays
274 Plays
Comments
Comments
Give Quiz Kudos
Give Quiz Kudos
-
- Ratings
hide this ad
Replay
Link that replays current quiz
Next Quiz
Link to next quiz in quiz playlist
You Got
0%
They Got
Avg Score
56%
Avg Friend Score
Upgrade to see
Score Distribution
Jump to the score distribution portion of the page
Score
0/57
Timer
10:00
0
Plays Today
% Correct
The Downfall Of Us All
86.1%
Homesick
83.6%
All I Want
81.4%
I'm Made Of Wax Larry, What Are You Made Of?
80.3%
If It Means A Lot To You
76.6%
2nd Sucks
75.5%
All Signs Point To Lauderdale
73.4%
Have Faith In Me
72.3%
Sticks & Bricks
71.5%
Fast Forward To 2012
70.8%
The Plot To Bomb The Panhandle
70.8%
My Life For Hire
69.7%
Heartless
69%
You Had Me At Hello
69%
Heartless
69%
Another Song About The Weekend
67.9%
Another Song About The Weekend
67.9%
It's Complicated
67.9%
NJ Legion Iced Tea
65.7%
1958
64.6%
Monument
63.9%
If I Leave
63.5%
You Be Tails, I'll Be Sonic
63.1%
Mr. Highway's Thinking About The End
62%
Better Off This Way
61.7%
Welcome To The Family
59.5%
Speak Of The Devil
58.4%
The Danger In Starting A Fire
58%
Out Of Time
58%
% Correct
This Is The House That Doubt Built
56.6%
Since U Been Gone
56.2%
Right Where You Want Me To Be
56.2%
A Shot In The Dark
54.7%
Intro
53.6%
Start The Shooting
53.6%
Casablanca Sucked Anyways
52.9%
You Should Have Killed Me When You Had The Chance
51.8%
You Already Know What You Are
51.1%
Holdin It Down For The Underground
50.7%
I Heard It's The Softest Thing Ever
48.2%
A Second Glance
47.8%
The Price We Pay
46.4%
If Looks Could Kill
44.9%
Colder Than My Heart If You Can Imagine
43.4%
Sound The Alarm
43.1%
Here's To The Past
43.1%
You Should've Killed Me When You Had The Chance
42.3%
Since You Been Gone
41.6%
Over My Head (Cable Car)
41.2%
Why Walk On Water When We've Got Boats
40.9%
Show Em The Ropes
40.5%
Your Way With Words Is Through Silence
38.7%
Breathe Hope In Me
29.2%
Westfall
27.7%
Last Request
16.1%
This Sun Has Set
15.3%
If Looks Could Kill Then You'd Be Dead
12%
Quiz Playlist
Details
Report
Send in Message
Add To Playlist
Classic:
Type in answers that appear in a list
Quiz Source
Last Updated: Feb 16, 2017
Quiz Scoreboard
CHALLENGE
Sign Up to Join the Scoreboard
Show All
Scores
Hide
Comments
May contain spoilers
Recently Published
1-10 Letter E Words III
by El_Dandy
Language
2m
Street Fighter Characters
by Artimus82
Gaming
60s
College Basketball Coaching Resumes
by pancakes188
Sports
9m
More to Explore
Quiz From the Vault
Featured Blog Post
Where Did the Easter Bunny Come From?
hide this ad
You Might Also Like...
Tags
complete
Discography
Remember
To Remember
Today's Top Quizzes in Music
Browse Music
hide this ad
Today's Top Quizzes in complete
Browse complete
Top Contributed Quizzes in Music
1
Taylor Swift All Songs (2024)
2
Taylor Swift Logic Puzzle
3
Guess the Artist- 70s Songs
4
7-to-1: Billboard Hot 100 #1 Hits of 2010s
5
Sorting Albums and Songs
6
KPOP LOGIC QUIZ
7
Billboard Blitz: Aretha Franklin
8
Guess the Taylor Swift song (Mystery Song)
9
Guess The Taylor Swift Lyrics Song #1
10
Billboard Blitz: ABBA
Explore More
Trending Topics
Kpop
Marvel
Disney
Crossword
NBA
Harry Potter
Anime
Song
Puzzle
NFL
Soccer
Country
Pokémon
The Office
WWE
hide this ad
More By:
biggiefbm
Quiz
Plays
Rating
Category
Featured
Created
Gwar Songs
290
3.67
Music
Feb 12, 2010
Danzig Songs
279
Music
Sep 9, 2010
complete A Day To Remember discography
274
Music
Dec 13, 2010
Anthrax songs
262
3.50
Music
Jul 29, 2010
Faith No More complete discography
240
5.00
Music
Jul 29, 2010
Go to Creator's Profile
Score Distribution
Quiz Creator Spotlight
biggiefbm
Follow
Send a Message
Quizzes Created
-
Created Quiz Play Count
-
More By This Creator
Popular Quizzes Today
1
Find the US States - No Outlines Minefield
2
Find the Countries of Europe - No Outlines Minefield
3
The Countries of the World
4
Find the US States
5
Risky Map Clicking: Biggest States A-Z
6
US States
7
Popular People in 1961
8
Movies - When Are They Set?
More Music Quizzes
Songs That Start With Goodbye
Published
Trending Quizzes
Risky Map Clicking: Least Populous States A-Z
Billboard Blitz: Aretha Franklin
1-10 Letter G Words
Countries of the World: 200 Million BC
1-10 Letter F Words
Recently Updated
Leaping Animals
pecheneg
Reality TV Shows (A-Z)
bhenderson79
Rickey Henderson's Hall of Fame Teammates
pecheneg
Champions League XIs: Arsenal
pecheneg
Quick Pick: Celebrities in WWE's Hall of Fame
aduchscher
A-Z Keypad Blitz II
pecheneg
Multiple Oscar Actors
pecheneg
Mystery Phrase Blitz: Oscar 'Best Actors'
pecheneg
F. Scott Fitzgerald Novels
LTH
Pick 3 Villains
ddd62291
Trending Topics
Harry Potter
Marvel
Crossword
Anime
Disney
NBA
Kpop
Country
Pokémon
Soccer
Puzzle
Song
The Office
WWE
NFL
Your Account Isn't Verified!
In order to create a playlist on Sporcle, you need to verify the email address you used during registration. Go to your
Sporcle Settings
to finish the process.
Report this User
Report this user for behavior that violates our
Community Guidelines
.
Details:
Send Report
Go to the Sporcle.com Mobile Site →
Comments